Campeón de acampada en el Montseny
Publicado:
San Jorge, núm. 67 - 68 (2n semestre 1967), pàg 133 :
MARC
| LEADER | 00000nam a2200000Ia 4500 | ||
|---|---|---|---|
| 003 | BGR | ||
| 005 | 20260324175751.0 | ||
| 008 | 160829s9999 xx 000 0 cat d | ||
| 245 | |a Campeón de acampada en el Montseny | ||
| 260 | |a San Jorge, núm. 67 - 68 (2n semestre 1967), pàg 133 | ||
| 610 | 2 | 0 | |a Federació d’Entitats Excursionistes de Catalunya |9 52821 |
| 650 | |a Centre Excursionista de Gràcia |9 40453 | ||
| 650 | |a Acampades |9 40454 |z Montseny | ||
| 901 | |a Arxiu | ||
| 942 | |n 1 |2 udc |c MON | ||
| 952 | |0 0 |1 0 |4 0 |7 1 |9 49714 |a Arxiu |b Arxiu |d 2016-12-01 |l 0 |r 2016-12-01 00:00:00 |w 2016-12-01 |y ARXIU | ||
| 999 | |c 53556 |d 53556 | ||